Statistics for Titanic Film trivia

Click here to take the quiz!

General Stats

  • This quiz has been taken 253 times
  • The average score is 12 of 15

Answer Stats

HintAnswer% Correct
Main CharacterRose
99%
Poor artistJack
98%
Actor who played the artistLeonardo DiCaprio
89%
Year it was made1997
88%
Year the actual disaster happened1912
86%
Singer of the theme songCeline Dion
84%
Theme songMy heart will go on
84%
Her fianceCal
83%
How many Oscars Titanic won11
81%
DirectorJames Cameron
77%
Actress who played the main characterKate Winslet
77%
How many Oscars Titanic was nominated for14
76%
What the artist died ofHypothermia
61%
Her full nameRose DeWitt Bukater
43%
Main characters motherRuth
39%

Score Distribution

Percentile by Number Answered

Percent of People with Each Score

Your Score History

You have not taken this quiz